| 000 | 00657nam a22002057a 4500 | ||
|---|---|---|---|
| 005 | 20140214154912.0 | ||
| 010 | _aENG-108444 | ||
| 020 |
_c400.00 _a9788189297749 |
||
| 020 |
_c400.00 _a8189297740 |
||
| 035 | _aEN-91977 | ||
| 037 | _bDBAD/PUB | ||
| 082 | _a920 | ||
| 245 |
_aAristotle : life and works : _bthe most influential Greek philosopher / _cedited by Monika Khanna |
||
| 260 |
_aDelhi _bFarsight Publishers and Distributors _c2011 |
||
| 270 |
_aS-16, Naveen Shahdara, _bDelhi _e110032 |
||
| 300 |
_a268p. _c22cm(Hb) |
||
| 500 | _aIncludes bibliographical references | ||
| 700 | _aKhanna, Monika | ||
| 942 |
_2ddc _cEN _mARI _h920 |
||
| 999 |
_c78893 _d78893 |
||